Data communications and networks / (Record no. 7007)

MARC details
000 -LEADER
fixed length control field 00876nam a2200181Ia 4500
020 ## - INTERNATIONAL STANDARD BOOK NUMBER
ISBN 0072964049
020 ## - INTERNATIONAL STANDARD BOOK NUMBER
ISBN 0071116249
050 00 - CALL NUMBER
Classification number TK5105
Item number .M553
100 1# - AUTHOR
Personal name Miller, Dave,
245 10 - TITLE
Title Data communications and networks /
Statement of responsibility, etc Dave Miller.
260 ## - PUBLICATION INFORMATION
Place of publication Boston :
Name of publisher McGraw-Hill/Irwin,
Year of publication ©2006.
300 ## - DESCRIPTION
Number of Pages xiv, 418 pages :
Other physical details illustrations ;
Dimensions 26 cm.
500 ## - NOTES
General note Includes index.
505 ## - FORMATTED CONTENTS NOTE
Table of Content Data communications: an introduction --<br/>Local area networks: an introduction --<br/>Local area networks: topologies and architectures --<br/>Local area networks: connectivity --<br/>Network operating systems --<br/>Data storage and storage networks --<br/>Voice networks --<br/>Wide area networks --<br/>Network security --<br/>The Internet --<br/>A brief history of data communications and computer networks.
650 #0 - SUBJECTS
Topical Term Data transmission systems.
650 #0 - SUBJECTS
Topical Term Computer networks.
942 ## - ADDED ENTRY ELEMENTS (KOHA)
Koha item type Books
Holdings
Withdrawn status Lost status Collection code Home library Current library Shelving location Date acquired Full call number Accession Number Koha item type
    Reference Methodist University Library Main Methodist University Library Main General Stacks   TK5105 .M553 24657 Books
    Reference Methodist University Library Main Methodist University Library Main General Stacks   TK5105 .M553 22450 Books
    Reference Methodist University Library Main Methodist University Library Main General Stacks   TK5105 .M553 22449 Books
      Methodist University Library Main Methodist University Library Main General Stacks   TK5105 .M553 24658 Books
Copyright © 2026  MUG Library